[Event "First Saturday FM-A March 2014"]
[Site "Budapest"]
[Date "2014.03.08"]
[Round "6.4"]
[White "Grundekjon, Christian"]
[Black "Lukacs, Albert"]
[Result "1-0"]
[WhiteElo "2022"]
[BlackElo "1902"]
[PlyCount "77"]
[EventDate "2014.03.01"]

1. e4 e5 2. f4 d5 3. exd5 e4 4. d3 Qxd5 5. Nc3 Bb4 6. Bd2 Bxc3 7. Bxc3 Nf6 8.
dxe4 Qxe4+ 9. Qe2 Qxe2+ 10. Bxe2 Nbd7 11. Bf3 O-O 12. O-O-O Re8 13. Nh3 a5 14.
Nf2 Nc5 15. Bxf6 gxf6 16. Rd5 Ne6 17. Re1 c6 18. Rd6 Kf8 19. g3 f5 20. Re5 Rd8
21. Rxd8+ Nxd8 22. Bh5 Bd7 23. Nd3 f6 24. Re3 b6 25. b3 Nb7 26. Nb2 b5 27. Rd3
Rd8 28. Kd2 Nc5 29. Rd4 Ne4+ 30. Ke3 Nc3 31. a3 Ke7 32. Nd3 Ne4 33. Bf3 c5 34.
Rd5 Bc6 35. Rxd8 Kxd8 36. Nxc5 Nxc5 37. Bxc6 b4 38. axb4 axb4 39. Kd4 1-0

[Event "First Saturday FM-A March 2014"]
[Site "Budapest"]
[Date "2014.03.08"]
[Round "6.5"]
[White "Bohus, Adam"]
[Black "Machlik, Edit"]
[Result "1/2-1/2"]
[WhiteElo "2018"]
[BlackElo "1885"]
[PlyCount "58"]
[EventDate "2014.03.01"]

1. e4 c6 2. d4 d5 3. exd5 cxd5 4. Nf3 Bg4 5. c3 Nc6 6. Be2 e6 7. Bf4 Nf6 8. O-O
Be7 9. Nbd2 O-O 10. Bd3 a6 11. Qe1 Bh5 12. Ne5 Nd7 13. Ndf3 Ndxe5 14. Nxe5 Nxe5
15. Bxe5 Bg6 16. Bxg6 hxg6 17. Qd2 b5 18. a4 Qb6 19. axb5 axb5 20. Qc2 Qc6 21.
Qb3 Rfc8 22. Rfc1 b4 23. Rxa8 Qxa8 24. h3 Rc4 25. Bf4 bxc3 26. bxc3 Ra4 27. c4
dxc4 28. Rxc4 Rxc4 29. Qxc4 Bf6 1/2-1/2

[Event "First Saturday FM-A March 2014"]
[Site "Budapest"]
[Date "2014.03.09"]
[Round "7.1"]
[White "Machlik, Edit"]
[Black "Juracsik, Jozsef"]
[Result "1-0"]
[WhiteElo "1885"]
[BlackElo "2124"]
[PlyCount "125"]
[EventDate "2014.03.01"]

1. d4 b5 2. e4 Bb7 3. Bd3 a6 4. Nd2 e6 5. Ngf3 c5 6. c3 Nf6 7. O-O Qc7 8. Re1
Be7 9. Nf1 d6 10. Bf4 Nbd7 11. N3d2 e5 12. Be3 Nf8 13. a4 c4 14. Bc2 Ne6 15.
Ng3 g6 16. Ne2 Ng4 17. Nf1 h5 18. h3 Nf6 19. Nd2 h4 20. Kh2 Nh5 21. Nf3 Kf8 22.
Qd2 Nf6 23. Bh6+ Kg8 24. Nc1 Bf8 25. Bxf8 Rxf8 26. g3 hxg3+ 27. fxg3 Rh5 28.
Kg2 Kg7 29. Qe3 Rfh8 30. Rh1 exd4 31. cxd4 b4 32. Nd2 b3 33. Bd1 c3 34. Bxh5
cxd2 35. Bf3 dxc1=Q 36. Raxc1 Qb6 37. Rc4 Re8 38. Rhc1 d5 39. exd5 Nf8 40. Qg5
N8h7 41. Qd2 Nxd5 42. Re1 Rd8 43. Kh2 Nhf6 44. Re5 Bc8 45. Bg2 Be6 46. Rc1 Nb4
47. Rd1 Nfd5 48. Re4 Qc6 49. Rh4 Rh8 50. Rxh8 Kxh8 51. Qxb4 Qc2 52. Qd2 Ne3 53.
Qxc2 bxc2 54. Rc1 Bb3 55. Be4 f5 56. Bd3 a5 57. Kg1 Bxa4 58. Kf2 Nd1+ 59. Ke2
Nxb2 60. Bxc2 Bb5+ 61. Kd2 Nc4+ 62. Kc3 Nd6 63. Ra1 1-0

[Event "First Saturday FM-A March 2014"]
[Site "Budapest"]
[Date "2014.03.09"]
[Round "7.2"]
[White "Lukacs, Albert"]
[Black "Bohus, Adam"]
[Result "0-1"]
[WhiteElo "1902"]
[BlackElo "2018"]
[PlyCount "74"]
[EventDate "2014.03.01"]

1. e4 e5 2. d4 exd4 3. c3 d5 4. exd5 Qxd5 5. cxd4 Nc6 6. Nc3 Bb4 7. a3 Bxc3+ 8.
bxc3 Nf6 9. f3 Bf5 10. Bd3 O-O 11. Ne2 Bxd3 12. Qxd3 Ne5 13. Qf5 Nc4 14. Qd3
Rfe8 15. O-O b5 16. Nf4 Qd6 17. a4 c6 18. Nh3 Nd5 19. Ng5 Qg6 20. Ne4 Re7 21.
Ra2 Rae8 22. Bd2 a6 23. Rfa1 Nd6 24. axb5 axb5 25. Ra7 h6 26. Rxe7 Rxe7 27.
Ra8+ Kh7 28. h4 Nxe4 29. h5 Qg3 30. Qb1 Qf2+ 31. Kh2 Qxd2 32. c4 Qf4+ 33. Kg1
Ndf6 34. d5 cxd5 35. cxd5 Nxd5 36. Rd8 Qe3+ 37. Kf1 Re5 0-1

[Event "First Saturday FM-A March 2014"]
[Site "Budapest"]
[Date "2014.03.09"]
[Round "7.3"]
[White "Steer, Jozsef"]
[Black "Grundekjon, Christian"]
[Result "0-1"]
[WhiteElo "1919"]
[BlackElo "2022"]
[PlyCount "82"]
[EventDate "2014.03.01"]

1. e4 c5 2. Nf3 d6 3. d4 cxd4 4. Nxd4 Nf6 5. Nc3 g6 6. Bc4 Bg7 7. Bb3 Nc6 8. f3
Qb6 9. Nxc6 bxc6 10. Qe2 Ba6 11. Qe3 O-O 12. Bd2 Nd7 13. Na4 Qxe3+ 14. Bxe3 c5
15. c3 Ne5 16. Bc2 Nd3+ 17. Kd2 Ne5 18. b3 f5 19. exf5 gxf5 20. Rae1 Bb5 21.
Nb2 Bc6 22. Nd3 Ng6 23. c4 a5 24. a4 e5 25. Ke2 Rae8 26. Nf2 e4 27. fxe4 fxe4
28. Rd1 Re6 29. Rhf1 Nf4+ 30. Bxf4 Rxf4 31. Nh3 Rh4 32. Rf4 Rxf4 33. Nxf4 Rh6
34. h3 Bd4 35. Rf1 e3 36. Nd5 Re6 37. Nc7 Re5 38. g4 Bg2 39. Rf4 Bxh3 40. Bf5
h5 41. Be6+ Rxe6 0-1

[Event "First Saturday FM-A March 2014"]
[Site "Budapest"]
[Date "2014.03.09"]
[Round "7.4"]
[White "Marcu, Simon"]
[Black "Machlik, Monika"]
[Result "0-1"]
[WhiteElo "1892"]
[BlackElo "1973"]
[PlyCount "48"]
[EventDate "2014.03.01"]

1. d4 d5 2. c4 dxc4 3. e3 e5 4. Bxc4 exd4 5. exd4 Nf6 6. Ne2 Bd6 7. O-O O-O 8.
Bf4 Nc6 9. Bxd6 Qxd6 10. Nbc3 a6 11. a3 Bf5 12. Qd2 Ng4 13. f4 Rfe8 14. Rf3
Rad8 15. Rd1 Nf6 16. h3 Ne4 17. Nxe4 Bxe4 18. Rf2 Bd5 19. Bxd5 Qxd5 20. Kh2 Rd6
21. Rf3 Qe4 22. Rf2 Red8 23. Qc3 h6 24. Ng3 Qd5 0-1

[Event "First Saturday FM-A March 2014"]
[Site "Budapest"]
[Date "2014.03.10"]
[Round "8.1"]
[White "Juracsik, Jozsef"]
[Black "Kis, Bela"]
[Result "1-0"]
[WhiteElo "2124"]
[BlackElo "2093"]
[PlyCount "53"]
[EventDate "2014.03.01"]

1. e4 d6 2. d4 Nf6 3. Nc3 g6 4. f4 Bg7 5. Nf3 O-O 6. Be3 c6 7. Bd3 Bg4 8. h3
Bxf3 9. Qxf3 e5 10. dxe5 dxe5 11. f5 Nh5 12. O-O-O Qa5 13. g4 Nf4 14. Bc4 Rd8
15. fxg6 hxg6 16. h4 Nd7 17. g5 Nf8 18. h5 Rxd1+ 19. Nxd1 N8e6 20. hxg6 Nxg5
21. gxf7+ Kf8 22. Qg4 Qb4 23. Bb3 Nxe4 24. Rg1 Bf6 25. Qg8+ Ke7 26. Qxa8 Ne2+
27. Kb1 1-0

[Event "First Saturday FM-A March 2014"]
[Site "Budapest"]
[Date "2014.03.10"]
[Round "8.2"]
[White "Machlik, Monika"]
[Black "Schenkerik, Csaba"]
[Result "0-1"]
[WhiteElo "1973"]
[BlackElo "2077"]
[PlyCount "62"]
[EventDate "2014.03.01"]

1. d4 Nf6 2. c4 g6 3. Nc3 Bg7 4. e4 d6 5. f4 O-O 6. Nf3 c5 7. dxc5 Qa5 8. Bd3
Qxc5 9. Qe2 Nc6 10. Be3 Qa5 11. O-O Ng4 12. Rfc1 Nxe3 13. Qxe3 Bg4 14. Kh1 Rac8
15. a3 Bxf3 16. Qxf3 Bxc3 17. Rxc3 e5 18. f5 Nd4 19. Qh3 Qd8 20. Rf1 Qg5 21.
Rf2 Kh8 22. Bf1 gxf5 23. exf5 Rg8 24. Rg3 Qf6 25. Bd3 Rxg3 26. Qxg3 Rg8 27. Qh3
a5 28. Be4 b6 29. Bd3 a4 30. Bc2 Qg5 31. Rf1 Nxc2 0-1

[Event "First Saturday FM-A March 2014"]
[Site "Budapest"]
[Date "2014.03.10"]
[Round "8.3"]
[White "Grundekjon, Christian"]
[Black "Marcu, Simon"]
[Result "1-0"]
[WhiteElo "2022"]
[BlackElo "1892"]
[PlyCount "89"]
[EventDate "2014.03.01"]

1. e4 c6 2. d4 d5 3. Nc3 dxe4 4. Nxe4 Bf5 5. Ng3 Bg6 6. h4 h6 7. Nf3 Nd7 8. h5
Bh7 9. Bd3 Ngf6 10. Bxh7 Nxh7 11. Qd3 Qc7 12. Rh4 e6 13. Bf4 Bd6 14. Bxd6 Qxd6
15. O-O-O O-O-O 16. Ne4 Qe7 17. Kb1 Ng5 18. Nfxg5 hxg5 19. Rhh1 f5 20. Nc3 Nf6
21. Qe2 Qd6 22. Rde1 Rde8 23. Qe3 Qf4 24. Qxf4 gxf4 25. h6 gxh6 26. Ne2 Ne4 27.
f3 Ng3 28. Nxg3 fxg3 29. Rh3 Kd7 30. Reh1 Reg8 31. Rxh6 Rxh6 32. Rxh6 Rg7 33.
Kc1 b5 34. Kd2 Kd6 35. Kd3 Kd5 36. Rh8 Kd6 37. Ke3 c5 38. dxc5+ Kxc5 39. Kf4
Kd6 40. Rd8+ Ke7 41. Rb8 Kf6 42. Rxb5 Rc7 43. c3 e5+ 44. Kxg3 f4+ 45. Kf2 1-0

[Event "First Saturday FM-A March 2014"]
[Site "Budapest"]
[Date "2014.03.10"]
[Round "8.4"]
[White "Bohus, Adam"]
[Black "Steer, Jozsef"]
[Result "1-0"]
[WhiteElo "2018"]
[BlackElo "1919"]
[PlyCount "91"]
[EventDate "2014.03.01"]

1. d4 d5 2. Nf3 Nf6 3. c4 c6 4. e3 Bg4 5. Qb3 Qb6 6. Ne5 e6 7. Nxg4 Nxg4 8. h3
Nf6 9. Bd3 Bb4+ 10. Bd2 Bxd2+ 11. Nxd2 Nbd7 12. O-O O-O 13. Qc2 g6 14. c5 Qc7
15. f4 Rfc8 16. b4 a6 17. a4 Nb8 18. Nf3 Kg7 19. Rfb1 Nbd7 20. Ra2 h6 21. Rab2
b5 22. cxb6 Qxb6 23. a5 Qb7 24. Qa4 Ne8 25. Rc2 Nd6 26. Rbc1 Nb5 27. Ne5 Nxe5
28. fxe5 Rab8 29. Rc5 Na7 30. Qc2 Rc7 31. Qe2 Nb5 32. Qf1 Rbc8 33. h4 h5 34.
Qf6+ Kh7 35. Rf1 Rg8 36. Qg5 Kg7 37. Rf6 Nxd4 38. exd4 Qxb4 39. Qe3 Rb8 40. Qf2
Qa3 41. Bc2 Rb4 42. Rxc6 Rcb7 43. Rcxe6 Qc1+ 44. Kh2 Qh6 45. Rxg6+ fxg6 46.
Qf6+ 1-0

[Event "First Saturday FM-A March 2014"]
[Site "Budapest"]
[Date "2014.03.10"]
[Round "8.5"]
[White "Machlik, Edit"]
[Black "Lukacs, Albert"]
[Result "1-0"]
[WhiteElo "1885"]
[BlackElo "1902"]
[PlyCount "48"]
[EventDate "2014.03.01"]

1. d4 Nf6 2. c4 e6 3. Nc3 d5 4. cxd5 exd5 5. Bg5 Be7 6. e3 O-O 7. Qc2 h6 8.
Bxf6 Bxf6 9. O-O-O Nc6 10. h3 Re8 11. Nge2 a5 12. g4 a4 13. Bg2 Nb4 14. Qd2 c6
15. Kb1 a3 16. b3 b6 17. Nf4 Ba6 18. Na4 Be7 19. Bf1 Bd6 20. Bxa6 Nxa6 21. Ng2
Bb4 22. Qd3 Qf6 23. Qc2 c5 24. Nf4 Nc7 1-0

[Event "First Saturday FM-A March 2014"]
[Site "Budapest"]
[Date "2014.03.11"]
[Round "9.1"]
[White "Lukacs, Albert"]
[Black "Juracsik, Jozsef"]
[Result "1-0"]
[WhiteElo "1902"]
[BlackElo "2124"]
[PlyCount "93"]
[EventDate "2014.03.01"]

1. e4 c5 2. Nf3 e6 3. d4 cxd4 4. Nxd4 a6 5. Be2 Qc7 6. O-O Nf6 7. Bf3 d6 8. Nc3
Be7 9. Be3 Nbd7 10. g3 Rb8 11. a4 b6 12. Bg2 Bb7 13. Re1 O-O 14. f4 Rbc8 15.
Bf2 g6 16. Bh3 Nc5 17. Bg2 d5 18. exd5 exd5 19. Nf3 Nce4 20. Bd4 Bc5 21. Bh3
Rfd8 22. Qd3 Nxc3 23. Qxc3 Ne4 24. Qd3 Re8 25. c3 a5 26. Ne5 f6 27. Nf3 Bc6 28.
Rf1 Qb7 29. b3 Qe7 30. g4 Qc7 31. Kg2 Bd6 32. g5 Bxf4 33. gxf6 Qd6 34. f7+ Kxf7
35. Ng5+ Kg8 36. Be6+ Rxe6 37. Nxe6 Qxe6 38. Rxf4 Nc5 39. Qf1 Re8 40. Re1 Ne4
41. Re3 Qe7 42. Kh1 Bb7 43. Qg2 Bc6 44. Kg1 Ba8 45. Rf6 Qg7 46. Qf3 Qh6 47.
Rxb6 1-0

[Event "First Saturday FM-A March 2014"]
[Site "Budapest"]
[Date "2014.03.11"]
[Round "9.2"]
[White "Steer, Jozsef"]
[Black "Machlik, Edit"]
[Result "1/2-1/2"]
[WhiteElo "1919"]
[BlackElo "1885"]
[PlyCount "54"]
[EventDate "2014.03.01"]

1. e4 c6 2. d4 d5 3. exd5 cxd5 4. Bd3 Nc6 5. c3 Nf6 6. h3 g6 7. Nf3 Bg7 8. Bf4
O-O 9. Nbd2 a6 10. Ne5 Nxe5 11. Bxe5 b5 12. a3 Qb6 13. O-O Bf5 14. Bxf5 gxf5
15. Bxf6 Bxf6 16. Re1 e6 17. Nf3 a5 18. Qd2 Rab8 19. b4 a4 20. Ne5 Bxe5 21.
Rxe5 Kh8 22. Rae1 Rg8 23. R5e3 Qc7 24. Rf3 Rg6 25. Re5 Rbg8 26. g3 Qc4 27. Kg2
Qb3 1/2-1/2

[Event "First Saturday FM-A March 2014"]
[Site "Budapest"]
[Date "2014.03.11"]
[Round "9.3"]
[White "Marcu, Simon"]
[Black "Bohus, Adam"]
[Result "0-1"]
[WhiteElo "1892"]
[BlackElo "2018"]
[PlyCount "42"]
[EventDate "2014.03.01"]

1. d4 d5 2. c4 dxc4 3. e3 Nf6 4. Bxc4 e6 5. Nf3 a6 6. a4 c5 7. O-O b6 8. b3 Bb7
9. Bb2 cxd4 10. Nxd4 Nbd7 11. Qe2 Bd6 12. Ba3 Nc5 13. Nc3 O-O 14. b4 Nce4 15.
Nxe4 Nxe4 16. b5 axb5 17. Bxd6 Nxd6 18. axb5 Qg5 19. f4 Qxg2+ 20. Qxg2 Bxg2 21.
Bxe6 Bxf1 0-1

[Event "First Saturday FM-A March 2014"]
[Site "Budapest"]
[Date "2014.03.11"]
[Round "9.4"]
[White "Schenkerik, Csaba"]
[Black "Grundekjon, Christian"]
[Result "1/2-1/2"]
[WhiteElo "2077"]
[BlackElo "2022"]
[PlyCount "118"]
[EventDate "2014.03.01"]

1. e4 c5 2. Nf3 d6 3. d4 cxd4 4. Nxd4 Nf6 5. Nc3 g6 6. f3 Bg7 7. Be3 Nc6 8. Qd2
O-O 9. O-O-O d5 10. Kb1 Nxd4 11. e5 Nf5 12. exf6 Bxf6 13. Nxd5 Qxd5 14. Qxd5
Nxe3 15. Qd3 Nxd1 16. Qxd1 Bf5 17. g4 Rfd8 18. Qc1 Bg5 19. Qxg5 Rd1+ 20. Qc1
Rxc1+ 21. Kxc1 Bd7 22. Be2 e5 23. Rd1 Be6 24. g5 Kf8 25. b3 Ke7 26. c4 h6 27.
gxh6 Rh8 28. Bd3 Rxh6 29. Be4 Rxh2 30. Bxb7 Rxa2 31. Kb1 Ra5 32. Kb2 Rc5 33.
Kc3 Rc7 34. Ba6 f5 35. b4 g5 36. c5 g4 37. fxg4 fxg4 38. Be2 a5 39. Rg1 axb4+
40. Kxb4 Rc8 41. Kb5 Rg8 42. Kb6 g3 43. Bf3 Bh3 44. c6 Kf6 45. c7 Bc8 46. Be4
Rg4 47. Bf3 Rg8 48. Rd1 Kg5 49. Rd8 Rg6+ 50. Kc5 Bf5 51. Be4 Bxe4 52. c8=Q g2
53. Rd1 Rc6+ 54. Qxc6 Bxc6 55. Kxc6 Kf4 56. Kd5 Kf3 57. Kxe5 Kf2 58. Ke4 g1=Q
59. Rxg1 Kxg1 1/2-1/2

[Event "First Saturday FM-A March 2014"]
[Site "Budapest"]
[Date "2014.03.11"]
[Round "9.5"]
[White "Kis, Bela"]
[Black "Machlik, Monika"]
[Result "0-1"]
[WhiteElo "2093"]
[BlackElo "1973"]
[PlyCount "102"]
[EventDate "2014.03.01"]

1. e4 c6 2. d4 d5 3. exd5 cxd5 4. c4 Nf6 5. Nc3 Nc6 6. Nf3 g6 7. cxd5 Nxd5 8.
Qb3 Nxc3 9. Bc4 Nd5 10. Bxd5 e6 11. Bxc6+ bxc6 12. Qc3 Qd5 13. O-O Bg7 14. Qa3
Bf8 15. Qa4 Qb5 16. Qc2 Bg7 17. Bg5 O-O 18. Be7 Re8 19. Bc5 a5 20. Rfe1 Ba6 21.
Re3 Rab8 22. b3 Red8 23. a4 Qb7 24. Rb1 Qc7 25. Qc3 Rd5 26. g3 Rbd8 27. Kg2 Rb8
28. Re4 Rxc5 29. Qxc5 Bd3 30. Ree1 Bxb1 31. Rxb1 Qb6 32. Qe7 Bxd4 33. Ng5 Qb7
34. Qd6 c5+ 35. f3 Rc8 36. h4 Qc7 37. Qa6 Rd8 38. Ne4 Rb8 39. Nd2 Qb6 40. Qd3
Qb4 41. Rc1 Qa3 42. Rc2 Qa1 43. Nc4 h5 44. Nxa5 Qg1+ 45. Kh3 Bf2 46. Rxf2 Qxf2
47. Qd1 Qe3 48. Nc4 Qxb3 49. Qd6 Qb1 50. g4 Qh1+ 51. Kg3 Qg1+ 0-1